Green magic : (Record no. 1764)

MARC details
000 -LEADER
fixed length control field 02462cam a22004338i 4500
001 - CONTROL NUMBER
control field data
005 - DATE AND TIME OF LATEST TRANSACTION
control field 20260322212116.0
008 - FIXED-LENGTH DATA ELEMENTS--GENERAL INFORMATION
fixed length control field data
035 ## - SYSTEM CONTROL NUMBER
System control number 22733693
010 ## - LIBRARY OF CONGRESS CONTROL NUMBER
LC control number 2022027805
020 ## - INTERNATIONAL STANDARD BOOK NUMBER
International Standard Book Number 9781032285818
Qualifying information (hbk)
020 ## - INTERNATIONAL STANDARD BOOK NUMBER
International Standard Book Number 9781032285832
Qualifying information (pbk)
020 ## - INTERNATIONAL STANDARD BOOK NUMBER
Canceled/invalid ISBN 9781003297536
Qualifying information (ebk)
040 ## - CATALOGING SOURCE
Original cataloging agency DLC
Language of cataloging eng
Description conventions rda
Transcribing agency DLC
042 ## - AUTHENTICATION CODE
Authentication code cyac
-- cyac
050 00 - LIBRARY OF CONGRESS CALL NUMBER
Classification number PZ8
Item number .G827 2023
082 00 - DEWEY DECIMAL CLASSIFICATION NUMBER
Classification number 398.2
Edition information 23/eng/20220802
245 00 - TITLE STATEMENT
Title Green magic :
Remainder of title the world's best fairy tales /
Statement of responsibility, etc. collected and arranged by Romer Wilson ; edited by Jack Zipes ; illustrated by Violet Brunton.
263 ## - PROJECTED PUBLICATION DATE
Projected publication date 2212
264 #1 - PRODUCTION, PUBLICATION, DISTRIBUTION, MANUFACTURE, AND COPYRIGHT NOTICE
Place of production, publication, distribution, manufacture New York, NY :
Name of producer, publisher, distributor, manufacturer Routledge,
Date of production, publication, distribution, manufacture, or copyright notice 2023.
300 ## - PHYSICAL DESCRIPTION
Extent pages cm
336 ## - CONTENT TYPE
Content type term text
Content type code txt
Source rdacontent
336 ## - CONTENT TYPE
Content type term still image
Content type code sti
Source rdacontent
337 ## - MEDIA TYPE
Media type term unmediated
Media type code n
Source rdamedia
338 ## - CARRIER TYPE
Carrier type term volume
Carrier type code nc
Source rdacarrier
505 0# - FORMATTED CONTENTS NOTE
Formatted contents note Puss in boots / Charles Perrault -- Fortunatus and the wishing cap / Laura Valentine -- The Round Castle of the Red Sea / Charles Marius Barbeau and Gregory MacDonald -- The wolf's bride / Diamond Jenness -- The musicians of Bremen / Jacob and Wilhelm Grimm -- Rapunzel / Jacob and Wilhelm Grimm -- The shirt collar / Hans Christian Andersen -- The Ut-Röst cormorants / Peter Christen Asbjörnsen and Engebretsen Moe -- The nightingale / Hans Christian Andersen -- The lake princess / Herbert Giles and Pu Singling -- Ali Baba / Antoine Galland -- The man who understood animals' conversation / Charles Fillingham Coxwell -- The brotherless girl / Charles Fillingham Coxwell -- The water king and the wise Vasilissa / William Ralston -- Foolish John / Charles Fillingham Coxwell -- The golden apple-tree and the nine peahens / Elodie L. Mijaatowitch -- Stan Bolovan / Mite Kremnizt -- The golden twins / Peter Isperescu -- Perseus / Charles Kingsley -- Tom, Dick and Harry / Ignacz Kunos.
520 ## - SUMMARY, ETC.
Summary, etc. A collection of familiar as well as lesser-known fairy tales.
650 #0 - SUBJECT ADDED ENTRY--TOPICAL TERM
Topical term or geographic name entry element Fairy tales.
650 #1 - SUBJECT ADDED ENTRY--TOPICAL TERM
Topical term or geographic name entry element Fairy tales.
650 #1 - SUBJECT ADDED ENTRY--TOPICAL TERM
Topical term or geographic name entry element Folklore.
655 #7 - INDEX TERM--GENRE/FORM
Genre/form data or focus term Fairy tales.
Source of term lcgft
700 1# - ADDED ENTRY--PERSONAL NAME
Personal name Wilson, Romer,
Dates associated with a name 1891-1930,
Relator term compiler
700 1# - ADDED ENTRY--PERSONAL NAME
Personal name Zipes, Jack,
Dates associated with a name 1937-
Relator term editor.
700 1# - ADDED ENTRY--PERSONAL NAME
Personal name Brunton, Violet,
Relator term illustrator.
776 08 - ADDITIONAL PHYSICAL FORM ENTRY
Relationship information Online version:
Title Green magic.
Place, publisher, and date of publication New York, NY : Routledge, 2022
International Standard Book Number 9781003297536
Record control number (DLC) 2022027806
906 ## - LOCAL DATA ELEMENT F, LDF (RLIN)
a 7
b cbc
c orignew
d 1
e ecip
f 20
g y-gencatlg
925 0# -
-- acquire
-- 1 shelf copy
-- policy default
Holdings
Withdrawn status Lost status Damaged status Not for loan Home library Current library Shelving location Date acquired Total checkouts Full call number Barcode Date last seen Price effective from Koha item type
        Fairview Fairview General stacks 22/03/2026   398.2 LOC-FPL-00049 22/03/2026 22/03/2026 Books